The night guest (Record no. 5038)

MARC details
000 -CABECERA
campo de control de longitud fija 02081cam a2200349 i 4500
001 - NÚMERO DE CONTROL
campo de control 991107444483906196
005 - FECHA Y HORA DE LA ÚLTIMA TRANSACCIÓN
campo de control 20251013161456.0
008 - DATOS DE LONGITUD FIJA--INFORMACIÓN GENERAL
campo de control de longitud fija 240529t20242021nyu g 000 f eng d
010 ## - NÚMERO DE CONTROL DE LA BIBLIOTECA DEL CONGRESO
Número de control de LC 2024023872
020 ## - NÚMERO INTERNACIONAL ESTÁNDAR DEL LIBRO
Número Internacional Estándar del Libro 9781250322043
024 40 - IDENTIFICADOR DE OTROS ESTÁNDARES
Número estándar o código 90100708955
035 ## - NÚMERO DE CONTROL DEL SISTEMA
Número de control de sistema (OCoLC)1436521271
Número de control cancelado/no válido (OCoLC)1375542311
-- (OCoLC)1455331413
035 ## - NÚMERO DE CONTROL DEL SISTEMA
Número de control de sistema (OCoLC)on1436521271
040 ## - FUENTE DE LA CATALOGACIÓN
Centro/agencia transcriptor tbs
041 1# - CÓDIGO DE LENGUA
Código de lengua del texto/banda sonora o título independiente eng
Código de lengua original ice
050 00 - SIGNATURA TOPOGRÁFICA DE LA BIBLIOTECA DEL CONGRESO
Número de clasificación PT7513 .H52
Número de documento/Ítem M9713 2024
100 ## - ENTRADA PRINCIPAL--NOMBRE DE PERSONA
Nombre de persona Knútsdóttir, Hildur
Fechas asociadas al nombre 1984-
Término indicativo de función/relación author
9 (RLIN) 26131
240 10 - TÍTULO UNIFORME
Título uniforme Myrkrið milli stjarnanna.
Lenguaje de la obra English.
245 14 - MENCIÓN DE TÍTULO
Título The night guest
Mención de responsabilidad, etc. / Hildur Knútsdóttir ; translated by Mary Robinette Kowal.
250 ## - MENCIÓN DE EDICIÓN
Mención de edición First U.S. edition.
260 ## - PUBLICACIÓN, DISTRIBUCIÓN, ETC.
Lugar de publicación, distribución, etc. New York, NY :
Nombre del editor, distribuidor, etc. A Nightfire Book, published by Tom Doherty Associates/Tor Publishing Group,
Fecha de publicación, distribución, etc. 2024.
300 ## - DESCRIPCIÓN FÍSICA
Extensión 194 pages ;
Dimensiones 21 cm
520 ## - SUMARIO, ETC.
Sumario, etc. Hildur Knútsdóttir's The Night Guest is an eerie and ensnaring story set in contemporary Reykjavík that's sure to keep you awake at night. Iðunn is in yet another doctor's office. She knows her constant fatigue is a sign that something's not right, but practitioners dismiss her symptoms and blood tests haven't revealed any cause. When she talks to friends and family about it, the refrain is the same--have you tried eating better? Exercising more? Establishing a nighttime routine? She tries to follow their advice, buying everything from vitamins to sleeping pills to a step-counting watch. Nothing helps. Until one night Iðunn falls asleep with the watch on, and wakes up to find she's walked over 40,000 steps in the night . . . What is happening when she's asleep? Why is she waking up with increasingly disturbing injuries? And why won't anyone believe her?
546 ## - NOTA DE LENGUA/LENGUAJE
Nota de lengua/lenguaje In English, translated from the Icelandic.
650 #0 - PUNTO DE ACCESO ADICIONAL DE MATERIA--TÉRMINO DE MATERIA
Término de materia o nombre geográfico como elemento de entrada Sleep disorders
Subdivisión de forma Fiction
9 (RLIN) 26117
650 #0 - PUNTO DE ACCESO ADICIONAL DE MATERIA--TÉRMINO DE MATERIA
Término de materia o nombre geográfico como elemento de entrada Women
Subdivisión de forma Fiction
9 (RLIN) 11136
650 #0 - PUNTO DE ACCESO ADICIONAL DE MATERIA--TÉRMINO DE MATERIA
Término de materia o nombre geográfico como elemento de entrada Sleepwalking
Subdivisión de forma Fiction
9 (RLIN) 26132
655 #0 - TÉRMINO DE INDIZACIÓN--GÉNERO/FORMA
Datos o término principal de género/forma Horror fiction
9 (RLIN) 22808
655 #0 - TÉRMINO DE INDIZACIÓN--GÉNERO/FORMA
Datos o término principal de género/forma Psychological fiction
9 (RLIN) 22456
700 ## - ENTRADA AGREGADA--NOMBRE PERSONAL
Nombre de persona Kowal, Mary Robinette
Fechas asociadas al nombre 1969-
Término indicativo de función/relación translator
9 (RLIN) 26133
942 ## - ELEMENTOS DE ENTRADA AGREGADA (KOHA)
Fuente del sistema de clasificación o colocación Clasificación de Library of Congress
Holdings
Estado de retiro Estado de pérdida Fuente del sistema de clasificación o colocación Estado dañado No para préstamo Biblioteca de origen Biblioteca actual Fecha de adquisición Total de préstamos Renovaciones totales Signatura topográfica completa Código de barras Fecha visto por última vez Fecha del último préstamo Número de copia Precio válido a partir de Tipo de ítem Koha
    Clasificación de Library of Congress     TBS Barcelona TBS Barcelona 13/10/2025 2 1 P-EN KNU B07680 08/01/2026 07/01/2026 1 13/10/2025 Book

Powered by Koha